Every RedBull Flavour. - Statistics

General Stats
  • This quiz has been taken 86 times
    42 since last reset
  • The average score is 12 of 37
Answer Stats
RedBull Flavour % Correct
Apricot Edition Apricot - Strawberry
81%
Coconut Edition Coconut - Berry
81%
Summer Edition (2016) Kiwi Apple
76%
Blue Edition (US) Blueberry
73%
Peach Edition Peach
73%
Red Edition (2020-Present) Watermelon
70%
Tropical Edition Tropical Fruits
62%
Pink Edition Forest Fruits
59%
Organics Tangy & Natural Orange
54%
Blue Edition Juneberry
51%
Winter Edition (2023) Pear Cinnamon
51%
Ruby Edition Spiced Pear
43%
Summer Edition (2025) White Peach
43%
Summer Edition (2024) Curuba - Elderflower
41%
Green Edition (2017-2021) Dragon Fruit
41%
Winter Edition (2022) Fig Apple
24%
Silver Edition (2013-2015) Lime
24%
Spring Edition (2024) Waldbeere/Wild Berry
24%
Purple Edition Acai
22%
Organics Fresh & Natural Bitter Lemon
22%
Organics Zesty & Natural Lemon
22%
Winter Edition (2021) Pomegranate
19%
Winter Edition (2024) Iced Vanilla Berry
16%
Green Edition (2021-Present) Cactus Fruit
14%
Summer Edition (2017) Grapefruit
14%
Orange Edition Tangerine
11%
Organics Strong & Natural Cola
8%
Red Edition (2013-2020) Cranberry
8%
Winter Edition (2016-2019) Plum Twist
8%
Winter Edition (2020) Arctic Berry
3%
Summer Edition (2019) Beach Breeze
3%
Organics Fiery & Natural Ginger Beer
3%
Organics Smoky & Natural Mate
3%
Organics Wild & Natural Purple Berry
3%
Organics Dry & Natural Tonic Water
3%
Organics Spicy & Natural Ginger Ale
0%
Winter Edition (2019) Holiday Spice
0%
No matching quizzes found
Score Distribution
Percent of People with Each Score
Percentile by Number Answered
Your Score History
You have not taken this quiz since the last reset